Statistics for Serie A Transfers 20/21

Click here to take the quiz!

General Stats

  • This quiz has been taken 38 times
  • The average score is 17 of 28

Answer Stats

FromToFeeNationPlayer% Correct
BarcelonaJuventus72MBrazilArthur
97%
Real MadridInter40MMoroccoAchraf Hakimi
94%
LilleNapoli70MNigeriaVictor Osimhen
94%
FiorentinaJuventusLOAN+10MItalyFederico Chiesa
85%
BresciaMilanLOAN+10MItalySandro Tonali
79%
AtleticoJuventusLOAN+10MSpainAlvaro Morata
76%
BarcelonaInterFREEChileArturo Vidal
73%
SchalkeJuventusLOAN+4MUSAWeston McKennie
73%
RomaInter1,5MSerbiaAleksandar Kolarov
70%
ChelseaNapoliLOAN+2MFranceTiemoue Bakayoko
70%
MonacoBenevento3MPolandKamil Glik
67%
InterCagliariFREEUruguayDiego Godin
64%
Man UnitedLazioLOANBrazilAndreas Pereira
58%
Real MadridMilanLOANSpainBrahim Diaz
58%
Man UnitedMilanLOANPortugalDiogo Dalot
58%
ChelseaRomaFREESpainPedro
58%
ChelseaGenoaLOANItalyDavide Zappacosta
55%
ParmaInterLOANItalyMatteo Darmian
55%
MilanTorino3MSwitzerlandRicardo Rodriguez
55%
LokomotivAtalanta14MRussiaAleksey Miranchuk
52%
NapoliFiorentinaFREESpainJose Callejon
45%
MilanFiorentinaFREEItalyGiacomo Bonaventura
42%
JuventusGenoaLOANCroatiaMarko Pjaca
42%
MilanLazioFREESpainPepe Reina
39%
AjaxCagliariLOANRomaniaRazvan Marin
39%
AnderlechtMilan3,5MBelgiumAlexis Saelemakers
36%
PSVSpezia1,5MNetherlandsJeroen Zoet
36%
PSVAtalanta9MNetherlandsSam Lammers
36%

Score Distribution

Percentile by Number Answered

Percent of People with Each Score

Your Score History

You have not taken this quiz